000 00431nam a2200157Ia 4500
008 100204s9999 xx 000 0 und d
082 _b29296
100 _aऔरंगाबादकर अनुराधा
245 _aगोंदण गप्पा
250 _a0
260 _c2009
300 _a240
630 _aगोंदण गप्पा
730 _aगोंदण गप्पा
942 _cBOOK
999 _c474551
_d474548